000
00322 a2200145 4500
001
157172
040
_c
Escola São Tomás de Aquino
100
_a
MAGALHÃES, Thereza Cochar
240
1
0
_a
Português
_l
por
245
1
0
_a
Português
362
0
_a
2008
440
1
_a
Atual
697
_a
Língua portuguesa
942
_c
BK
999
_c
157172
_d
157172